000 00653nam a2200241Ia 4500
008 160803s9999 xx 000 0 und d
020 _a9780590422710
100 _aSurat, Michelle Maria
245 _aAngel child, dragon child /
245 _cstory by Michele Maria Surat ; pictures by Vo-Dinh Mai.
260 _aNew York :
260 _bScholastic Inc.
260 _c1983
300 _a35 pages :
300 _bcolor illustrations ;
300 _c19 x 23 cm.
440 _aReading rainbow review book.
650 _aSchools --
650 _aVietnamese Americans --
650 _xFiction.
650 _xFiction.
700 _a420
999 _c299267
_d299267